| 000 | 01336cam a22003373a 4500 | ||
|---|---|---|---|
| 001 | 2975 | ||
| 003 | FISKH | ||
| 005 | 20240126135948.0 | ||
| 008 | 020925s2002 nyua j 000 1 eng d | ||
| 010 | _a 2003586393 | ||
| 020 | _a0439411378 (pbk.) : | ||
| 020 | _a9780545392341 | ||
| 035 | _a(OCoLC)ocm50673707 | ||
| 040 |
_aDAJ _cDAJ _dOCLCQ _dDLC _beng |
||
| 042 | _alccopycat | ||
| 050 | 0 | 0 | _aPZ7.G6578 |
| 082 | _a813.54 | ||
| 100 | 1 | _aKorman, Gordon. | |
| 245 | 1 | 4 |
_aThe summit / _cGordon Korman. |
| 250 | _aThis edition first printing, March 2012 | ||
| 260 |
_aNew York : _bScholastic, _c2002 |
||
| 300 |
_a150 pages ; _c20 cm. |
||
| 490 | 0 |
_aEverest ; _vBook 3 |
|
| 520 | _a"Four kids are prepared to go into thin air in order to become the youngest person ever to climb Everest. But they are not prepared for the challenges that await them as they get closer to the summit. Supplies are low. Conditions are extreme. One of the kids is trying to sabotage the others. And then the storm hits ..."--P. [4] of cover. | ||
| 650 | 0 |
_aMountaineering expeditions _zEverest, Mount (China and Nepal) _vFiction. |
|
| 651 | 0 |
_aEverest, Mount (China and Nepal) _vFiction. |
|
| 655 | 7 |
_aChildren's stories. _2lcsh |
|
| 655 | 7 |
_aAdventure fiction. _2gsafd |
|
| 906 |
_a7 _bcbc _ccopycat _d2 _encip _f20 _gy-genrareb |
||
| 942 |
_2ddc _cBK _n0 |
||
| 999 |
_c2975 _d2975 |
||